00873nam a2200253 i 450000100060000000300090000600500170001500700030003200800410003502000180007608000150009410000240010924500890013325000120022226000460023430000410028049000280032165000440034970000290039383000360042285200220045899900170048095201220049710205ES-MaACL20250814084942.0t|950321s1993 sp ||||1| spa d a84-7509-887-8 a791.43-2521 aBassa, Joan.92630013aEl cine de ciencia ficción b: una aproximación / cJoan Bassa, Ramón Freixas. a1ª ed. aBarcelona : bPaidós Ibérica, c1993. a204 p., [16] p. de lám. ; c20 cm.1 aPaidós studio ; v101 7aCine de ciencia ficción2embne9110311 aFreixas, Ramón.9524870 aPaidós studio ; v1019178141 aES-MaACLjL-17615 c10205d10205 00104070aATENEOMbATENEOMcDEPO2d2008-01-17eSCl0oL-17615p1010414r2023-02-23 00:00:00w2023-02-23yMONOGRAFIA